=LDR 00000nam 2200000 4500 =001 INLIS000000000035665 =005 20130612141514 =008 ***********************************Ind** =035 ##$$0010-061300000035665 =041 ##$$a Ind =082 ##$$a 664.52 =090 ##$$a 664.52, Ham m =100 ##$$a Hambali, Eliza =245 ##$$a Membuat aneka bumbu instan kering =260 ##$$a 2005 $b bogor =300 ##$$a 115 hlm, ilus, 22 cm =650 ##$$a bumbu instan kering =850 ##$$a NBPNMAT